000 00634nam a2200265Ia 4500
005 20260306163627.0
008 008 260114s9999 xx 000 0 eng d
020 _a9780231543446
037 _aEBOOK
040 _aCRL
040 _beng
040 _cCRL
041 _2eng
041 _aeng
084 _qCRL
100 _aGilmore
245 0 _aTainted Witness: Why We Doubt What Women Say About Their Lives
260 _bColumbia University Press
260 _c2019
650 _aSocial Work
856 _uhttps://academic.oup.com/book/13605
942 _cEBOOK
999 _c1710858
_d1710858